Fundamentos de gestión de procesos de negocio.

Saved in:
书目详细资料
主要作者: Dumas, Marlon (autor)
其他作者: La Rosa, Marcello (autor), Mendling, Jan (autor), Reijers, Hajo A. (autor)
格式: 未知
出版: Bogotá, Colombia: Ediciones de la U, 2020.
版:2da. edición.
丛编:Administración.
主题:
标签: 添加标签
没有标签, 成为第一个标记此记录!

MARC

LEADER 00000 a2200000 4500
003 CL-VaPUC
005 20231215124514.0
008 230907t2020 ||||| |||| 00| 0 eng d
999 |c 441568  |d 441566 
020 |a  9789587921892 
040 |c Pontificia Universidad Católica de Valparaíso 
082 7 |a 658.500285 DUM 2020  |2 22 
100 |a Dumas, Marlon   |9 884074  |e autor 
245 |a Fundamentos de gestión de procesos de negocio. 
250 |a 2da. edición.   |b Edición Colombia.  
260 |a Bogotá, Colombia:  |b Ediciones de la U,   |c 2020. 
300 |a 616 páginas.  
490 |a Administración. 
583 |k GC  |c 20230907 
650 0 |a Reingeniería   |9 344366  |x Administración  
650 0 |a Negocios  |9 262468  |x Gestión de procesos  
700 |a La Rosa, Marcello   |e autor  |9 884524 
700 |a Mendling, Jan   |e autor  |9 884525 
700 |a Reijers, Hajo A.  |e autor  |9 884526 
942 |2 ddc  |c BK 
952 |0 0  |1 0  |2 ddc  |4 0  |6 658_500285000000000_DUM_2020  |7 0  |8 A  |9 591468  |a BIBING  |b BIBING  |c GEN  |d 2023-09-07  |e 3  |g 28001.20  |i 5658588  |l 1  |m 1  |o 658.500285 DUM 2020  |p 5658588  |q 2025-05-13  |r 2025-04-29  |s 2025-04-29  |t 1  |v 28001.20  |w 2023-09-07  |y BK  |k EII 
952 |0 0  |1 0  |2 ddc  |4 0  |6 658_500285000000000_DUM_2020  |7 0  |8 A  |9 592846  |a BIBING  |b BIBING  |c GEN  |d 2023-12-15  |e 1  |g 64543.50  |i 5659812  |l 1  |m 1  |o 658.500285 DUM 2020  |p 5659812  |q 2025-05-12  |r 2025-04-28  |s 2025-04-28  |t 3  |v 64543.50  |w 2023-12-15  |y BK  |k EII 
952 |0 0  |1 0  |2 ddc  |4 0  |6 658_500285000000000_DUM_2020  |7 0  |8 A  |9 592847  |a BIBING  |b BIBING  |c GEN  |d 2023-12-15  |e 1  |g 64543.50  |i 5659811  |l 1  |m 1  |o 658.500285 DUM 2020  |p 5659811  |q 2025-05-13  |r 2025-04-29  |s 2025-04-29  |t 2  |v 64543.50  |w 2023-12-15  |y BK  |k EII